000 00693nam a22002297a 4500
005 20150317165558.0
008 140714b xxu||||| |||| 00| 0 Urdu d
010 _aUR-8732
020 q _a9789380279121
_c400.00
035 _aU-7287
037 _bDBAD/Pub.
040 _aDPL
_bUrdu
082 _a841
100 _aجعفر ا مير
110 _b-
245 _a‎بہ ر نگ د گر
_cجعفر ا مير
246 _aBa-Range-Digar (Poems)
_bBy Syed J. Amir
260 _aد ھلی
_bShahid Publications
_c2010
270 _a2253,Resham Street,Kucha Chelan, Darya Ganj,
_bNew Delhi
_e110002
300 _a510ص
_c22Cm (Hb)
942 _2ddc
_cUR
_e
_h841
_mج ع ف
999 _c92291
_d92291